Fábrica de santos : ensayo fotográfico /
El título de esta obra es completamente descriptivo, pues el fotógrafo visitó, durante un largo período, numerosas fábricas de escultura religiosa, tanto en España como en México. Estamos ante un proyecto cuyo centro es la búsqueda de lo absoluto, que llevó al fotógrafo, según sus propias palabras,...
Guardado en:
| Autor principal: | |
|---|---|
| Otros autores: | , |
| Formato: | Libro |
| Idioma: | Español |
| Publicado: |
México :
Artes de México : CONACULTA,
2000, c2000
|
| Colección: | (Libros de la Espiral ; Serie Fotografía)
8. |
| Temas: | |
| Etiquetas: |
Sin etiquetas, Sé el primero en etiquetar este registro!
|
MARC
| LEADER | 00000nam^a2200000^a^4500 | ||
|---|---|---|---|
| 001 | 000145039 | ||
| 005 | 20250521000000.0 | ||
| 009 | 20260310095821.633 | ||
| 020 | |a 970-683-005-7 | ||
| 020 | |a 970-18-4363-0 | ||
| 037 | |a Acervo ITESO - Biblioteca | ||
| 041 | |a ESP | ||
| 082 | |a 808. 80357 |b LIB V. 8 | ||
| 100 | |a Casademunt, Tomás |e (fotógrafo) | ||
| 245 | 1 | 0 | |a Fábrica de santos : |b ensayo fotográfico / |c Fotógrafo T. Casademunt ; texto de A. Mutis ; presen. de A. Ruy Sánchez. |
| 264 | 4 | |a México : |b Artes de México : |b CONACULTA, |c 2000, c2000 | |
| 300 | |a 1 v. (sin paginación) | ||
| 336 | |a texto |b txt |2 rdacontenido | ||
| 337 | |a sin mediación |b n |2 rdamedio | ||
| 338 | |a volumen |b nc |2 rdasoporte | ||
| 440 | 1 | |a (Libros de la Espiral ; |v 8. |p Serie Fotografía) | |
| 520 | |a El título de esta obra es completamente descriptivo, pues el fotógrafo visitó, durante un largo período, numerosas fábricas de escultura religiosa, tanto en España como en México. Estamos ante un proyecto cuyo centro es la búsqueda de lo absoluto, que llevó al fotógrafo, según sus propias palabras, a descubrir en esas figuras estáticas, lo más abyecto de la condición humana. | ||
| 649 | |a XX | ||
| 650 | |a Fotógrafos Españoles | ||
| 650 | |a Artistas Españoles | ||
| 650 | |a Imágenes Religiosas - |z España | ||
| 650 | |a Imágenes Religiosas - |z México | ||
| 650 | |a Escultura Religiosa | ||
| 650 | |a Escultura Española | ||
| 650 | |a Escultura Mexicana | ||
| 650 | |a Fotografía Española - |y Siglo XX | ||
| 650 | |a Arte y Simbolismo Cristianos | ||
| 650 | |a Arte Religioso | ||
| 650 | |a Arte Español - |y Siglo XX | ||
| 650 | |a Literatura Colombiana - |y Siglo XX | ||
| 650 | |a Casademunt, Tomás | ||
| 700 | |a Mutis, Alvaro |e (texto) | ||
| 700 | |a Ruy Sánchez, Alberto |e (presentación) | ||
| 910 | |a Fondo General | ||
| 920 | |a Impresos - Libros | ||
| 930 | |a Reserva Especial | ||
| 940 | |a Literatura | ||
| 905 | |a 103 | ||
| 901 | |a 0500074044 |b IT1 |c REE |u 20250521 | ||
| 902 | |a https://opac.biblio.iteso.mx/vufind/Record/000145039 | ||